Patrologia Orientalis. (Record no. 183973)

MARC details
000 -LEADER
campo de control de longitud fija 01789nam a2200301 i 4500
001 - NÚMERO DE CONTROL
campo de control 183973
003 - IDENTIFICADOR DE NÚMERO DE CONTROL
campo de control ES-MaACL
005 - FECHA Y HORA DE LA ÚLTIMA TRANSACCIÓN
campo de control 20260130133739.0
008 - DATOS DE LONGITUD FIJA--INFORMACIÓN GENERAL
campo de control de longitud fija 150121s1911 fr |||| | fre d
080 ## - NÚMERO DE LA CLASIFICACIÓN DECIMAL UNIVERSAL
Número de la Clasificación Decimal Universal 276(62)(09)
245 00 - MENCIÓN DEL TÍTULO
Título Patrologia Orientalis.
Número de parte o sección de la obra Tomus septimus /
Mención de responsabilidad, etc. [publié par] S.A.R le prince Max de Saxe, R. Graffin, F. Nau.
260 ## - PUBLICACIÓN, DISTRIBUCIÓN, ETC.
Lugar de publicación, distribución, etc. Paris :
Nombre del editor, distribuidor, etc. Firmin-Didot et Cie,
Fecha de publicación, distribución, etc. 1911.
300 ## - DESCRIPCIÓN FÍSICA
Extensión 802 p. ;
Dimensiones 28 cm.
505 8# - NOTA DE CONTENIDO CON FORMATO
Nota de contenido con formato Contiene: Traités d'Isaï le docteur et de Hanna d'Adiabène sur les martyrs, le Vendredi d'or et les Rogations, suivis de la confession de foi à réciter par les évêques avant l'ordination / textes syriaques publiés et traduits par Addaï Scher,.... - Histoire nestorienne (Chronique de Séert) / publiée et traduite par Mgr Addaï Scher,.... - Le synaxaire éthiopien : les mois de Sanê, Hamlê et Nahasê / publiés et traduits par Ignazio Guidi. - Histoire universelle / écrite par Agapius (Mahboub) de Menbidj, éditée et traduite en français par Alexandre Vasiliev,.... - The hymns of Severus of antioch and others / James of Edessa, syriac version edited and translated by E. W. Brooks
650 ## - PUNTO DE ACCESO ADICIONAL DE MATERIA--TÉRMINO DE MATERIA
Término de materia o nombre geográfico como elemento de entrada Patrística.
9 (RLIN) 15895
650 07 - PUNTO DE ACCESO ADICIONAL DE MATERIA--TÉRMINO DE MATERIA
Término de materia o nombre geográfico como elemento de entrada Literatura cristiana primitiva
Fuente del encabezamiento o término embne
9 (RLIN) 14529
700 1# - ENTRADA AGREGADA--NOMBRE PERSONAL
Nombre de persona Mahbub ibn Qustantin.
9 (RLIN) 156180
700 1# - ENTRADA AGREGADA--NOMBRE PERSONAL
Nombre de persona Jacques d'Édesse (
Fechas asociadas al nombre 0633-0708)
9 (RLIN) 156177
700 1# - ENTRADA AGREGADA--NOMBRE PERSONAL
Nombre de persona Vasiliev, Aleksandr Aleksandrovitch (
Fechas asociadas al nombre 1867-1953)
9 (RLIN) 156181
700 1# - ENTRADA AGREGADA--NOMBRE PERSONAL
Nombre de persona Scher, Addai,
Fechas asociadas al nombre 1867-1916
9 (RLIN) 156170
700 1# - ENTRADA AGREGADA--NOMBRE PERSONAL
Nombre de persona Guidi, Ignazio (
Fechas asociadas al nombre 1844-1935)
9 (RLIN) 156161
700 1# - ENTRADA AGREGADA--NOMBRE PERSONAL
Nombre de persona Brooks, Ernest Walter,
Fechas asociadas al nombre 1863-1955
9 (RLIN) 156178
700 1# - ENTRADA AGREGADA--NOMBRE PERSONAL
Nombre de persona Sachsen, Max von,
Fechas asociadas al nombre 1870-1951
9 (RLIN) 156175
700 1# - ENTRADA AGREGADA--NOMBRE PERSONAL
Nombre de persona Graffin, René,
Fechas asociadas al nombre 1858-1941
9 (RLIN) 156163
700 1# - ENTRADA AGREGADA--NOMBRE PERSONAL
Nombre de persona Nau, François.
9 (RLIN) 85006
852 ## - LOCALIZACIÓN
Ubicación ES-MaACL
Número de control de estantería G-696
Holdings
Estatus retirado Estado de pérdida Estado de daño No para préstamo Biblioteca de origen Biblioteca actual Ubicación en estantería Fecha de adquisición Fuente de adquisición Total de préstamos Signatura topográfica completa Código de barras Visto por última vez Precio de reemplazo Tipo de ítem Koha
        Biblioteca del Ateneo de Madrid Biblioteca del Ateneo de Madrid Depósito 2 21/01/2015     G-696 1193458 23/02/2023 23/02/2023 Libro impreso